Illustrated Oxford Dictionary (Record no. 245554)

MARC details
000 -LEADER
fixed length control field 00464nam a2200193Ia 4500
008 - FIXED-LENGTH DATA ELEMENTS--GENERAL INFORMATION
fixed length control field 240913s9999||||xx |||||||||||||| ||und||
020 ## - INTERNATIONAL STANDARD BOOK NUMBER
International Standard Book Number 9 780751 36436 1
082 ## - DEWEY DECIMAL CLASSIFICATION NUMBER
-- 413 P6
100 ## - MAIN ENTRY--PERSONAL NAME
Personal name Kindersley,Dorling Comp.
245 #0 - TITLE STATEMENT
Title Illustrated Oxford Dictionary
250 ## - EDITION STATEMENT
Edition statement 1st
260 ## - PUBLICATION, DISTRIBUTION, ETC. (IMPRINT)
Date of publication, distribution, etc 2006
Name of publisher, distributor, etc Penguin,New
500 ## - GENERAL NOTE
General note REFERENCE
650 ## - SUBJECT ADDED ENTRY--TOPICAL TERM
Topical term or geographic name as entry element Dictionary
942 ## - ADDED ENTRY ELEMENTS (KOHA)
Item type Reference
Holdings
Withdrawn status Lost status Damaged status Permanent location Current location Shelving location Date acquired Cost, normal purchase price Full call number Barcode Date last seen Koha item type
      CENTRAL LIBRARY, NOORUL ISLAM CENTRE FOR HIGHER EDUCATION CENTRAL LIBRARY, NOORUL ISLAM CENTRE FOR HIGHER EDUCATION   07/31/2006 2100.00 413 P6 29108 09/13/2024 Reference
Visitors:
Copyright © 2024 Central Library NICHE.  All rights reserved.